Countries Closest to Venezuela - Sudden Death - Statistics

General Stats
  • This quiz has been taken 29 times
  • The average score is 4 of 15
Answers on the Grid
Answers color-coded by a green-red scale on the quiz's grid according to % correct below.
Colombia
Brazil
Guyana
Trinidad and Tobago
Grenada
Saint Kitts and Nevis
Saint Vincent and the Grenadines
Dominica
Antigua and Barbuda
Suriname
Saint Lucia
Saint Lucia
Barbados Panama
Dominican Republic
Peru
Costa Rica
Nicaragua
Honduras
El Salvador
Belize
Guatemala
Cuba
Bahamas
Jamaica
Mexico
United States
Ecuador
Bolivia
Paraguay
Chile
 
Answer Stats
Answer % Correct
Brazil
61%
Colombia
50%
Guyana
50%
Trinidad and Tobago
44%
Suriname
39%
Grenada
28%
Peru
28%
Barbados Panama
22%
Saint Kitts and Nevis
22%
Saint Lucia
22%
Saint Vincent and the Grenadines
22%
Antigua and Barbuda
17%
Dominica
11%
Saint Lucia
11%
Dominican Republic
0%
No matching quizzes found
Score Distribution
Percent of People with Each Score
Percentile by Number Answered
Your Score History
You have not taken this quiz